[Event "2. Bundesliga Mitte 2016/2017"]
[Site "Leoben, Wolfsberg/Taufkirchen/Fuerstenfeld, Grieskirchen, St. Veit"]
[Date "2017.03.26"]
[Round "11"]
[Board "3"]
[White "Kotz, Heinz Peter"]
[Black "Knoll, Hermann"]
[Result "1/2-1/2"]
[WhiteElo "2267"]
[BlackElo "2329"]
[PlyCount "79"]
[EventDate "2016.10.07"]
[EventType "team"]
[EventRounds "11"]
[EventCountry "AUT"]
[WhiteTeam "ESV Austria Graz"]
[BlackTeam "Union Ansfelden"]

1. e4 e5 2. Nf3 Nc6 3. Bb5 a6 4. Ba4 Nf6 5. O-O Be7 6. Re1 b5 7. Bb3 d6 8. c3
O-O 9. h3 Na5 10. Bc2 c5 11. d4 Qc7 12. Nbd2 cxd4 13. cxd4 Nc6 14. Nb3 a5 15.
Be3 a4 16. Nbd2 Bd7 17. Rc1 Rac8 18. a3 Qb8 19. Bd3 Na5 20. Qe2 h6 21. dxe5
dxe5 22. Nh4 b4 23. axb4 Qxb4 24. Nc4 Nxc4 25. Bxc4 Kh7 26. Nf5 Bxf5 27. exf5
Kg8 28. Rc2 Qb8 29. Ra1 Qa8 30. Bb5 Qe4 31. Bd3 Qb4 32. Bc4 Ra8 33. Bd2 Qb8 34.
Bc3 Bd6 35. Rd2 a3 36. bxa3 Rxa3 37. Rxa3 Bxa3 38. Bxe5 Qb1+ 39. Rd1 Qxf5 40.
Bd3 1/2-1/2

[Event "2. Bundesliga Mitte 2016/2017"]
[Site "Leoben, Wolfsberg/Taufkirchen/Fuerstenfeld, Grieskirchen, St. Veit"]
[Date "2017.03.26"]
[Round "11"]
[Board "4"]
[White "Moser, Guenter"]
[Black "Spindelboeck, Gernot"]
[Result "1/2-1/2"]
[WhiteElo "2302"]
[BlackElo "2296"]
[PlyCount "68"]
[EventDate "2016.10.07"]
[EventType "team"]
[EventRounds "11"]
[EventCountry "AUT"]
[WhiteTeam "Union Ansfelden"]
[BlackTeam "ESV Austria Graz"]

1. d4 Nf6 2. c4 e6 3. Nf3 b6 4. a3 Ba6 5. b3 d5 6. cxd5 exd5 7. g3 Bd6 8. Bg2
Nbd7 9. Nc3 O-O 10. O-O Re8 11. Bb2 Rc8 12. Re1 c6 13. Nd2 Bf8 14. b4 Bb7 15.
Qb3 b5 16. e4 Nb6 17. exd5 Nbxd5 18. Nce4 Nxe4 19. Rxe4 Rxe4 20. Nxe4 Qd7 21.
Rd1 Re8 22. Qd3 h6 23. Nc5 Bxc5 24. dxc5 a6 25. Qd4 f6 26. Be4 Qh3 27. Qd3 Qe6
28. Bf3 Qf7 29. Qd2 Kh8 30. Re1 Rxe1+ 31. Qxe1 Qe7 32. Qc1 Qe6 33. Qd1 Kg8 34.
Kg2 Kf8 1/2-1/2

[Event "2. Bundesliga Mitte 2016/2017"]
[Site "Leoben, Wolfsberg/Taufkirchen/Fuerstenfeld, Grieskirchen, St. Veit"]
[Date "2017.03.26"]
[Round "11"]
[Board "6"]
[White "Mostbauer, Florian"]
[Black "Aschenbrenner, Robert"]
[Result "1-0"]
[WhiteElo "2283"]
[BlackElo "2201"]
[PlyCount "115"]
[EventDate "2016.10.07"]
[EventType "team"]
[EventRounds "11"]
[EventCountry "AUT"]
[WhiteTeam "Union Ansfelden"]
[BlackTeam "ESV Austria Graz"]

1. d4 Nf6 2. Bf4 g6 3. e3 Bg7 4. Be2 d6 5. Nf3 O-O 6. h3 c5 7. c3 b6 8. O-O Bb7
9. a4 a6 10. Nbd2 Nbd7 11. Qb3 Rc8 12. Rfc1 Rc7 13. Qd1 Qa8 14. Nc4 Rfc8 15.
Qf1 h6 16. Bh2 cxd4 17. exd4 Nd5 18. Nfd2 Re8 19. Bf3 Rcc8 20. Re1 Bf8 21. Qd3
N5f6 22. Re2 Bxf3 23. Nxf3 Qc6 24. Ncd2 b5 25. axb5 axb5 26. Rc1 Ra8 27. b3 Ra3
28. Nb1 Ra1 29. c4 bxc4 30. bxc4 Rea8 31. Ree1 e6 32. Bf4 Qb6 33. Be3 Qa6 34.
Qf1 Bg7 35. Nc3 Rxc1 36. Rxc1 Rc8 37. Nb5 Ne8 38. Ra1 Qb7 39. Ra7 Qc6 40. d5
exd5 41. cxd5 Qxd5 42. Rxd7 Rb8 43. Nbd4 Qa2 44. Qe2 Qa1+ 45. Kh2 Nf6 46. Rxf7
Rb1 47. Rxf6 Rh1+ 48. Kg3 Bxf6 49. Qc4+ Kh7 50. Qf7+ Bg7 51. Ne6 Qf6 52. Nf8+
Kh8 53. Nxg6+ Kh7 54. Nf8+ Kh8 55. Qxf6 Bxf6 56. Bxh6 Rb1 57. Be3 Kg8 58. Ne6
 1-0

[Event "2. Bundesliga Mitte 2016/2017"]
[Site "Leoben, Wolfsberg/Taufkirchen/Fuerstenfeld, Grieskirchen, St. Veit"]
[Date "2017.03.26"]
[Round "11"]
[Board "1"]
[White "Hera, Imre"]
[Black "Pilaj, Herwig"]
[Result "1/2-1/2"]
[WhiteElo "2609"]
[BlackElo "2390"]
[PlyCount "153"]
[EventDate "2016.10.07"]
[EventType "team"]
[EventRounds "11"]
[EventCountry "AUT"]
[WhiteTeam "SPG Spk. Fuerstenfeld/Hartberg"]
[BlackTeam "SC DieKlagenfurter"]

1. c4 c5 2. Nf3 g6 3. d4 cxd4 4. Nxd4 Bg7 5. e4 Nc6 6. Be3 Nf6 7. Nc3 O-O 8.
Be2 d6 9. O-O Nxd4 10. Bxd4 Bd7 11. Qd2 Bc6 12. f3 Nd7 13. Be3 a5 14. b3 Nc5
15. Rab1 Qb6 16. Rfc1 Rfc8 17. Rc2 h5 18. Kh1 Kh7 19. Bf1 Qd8 20. Nd5 e6 21.
Nc3 Be5 22. Bd4 b6 23. Rd1 Qh4 24. Bxe5 dxe5 25. Qe3 Rd8 26. Rcd2 Rxd2 27. Qxd2
Ra7 28. Qe3 Rd7 29. Rxd7 Nxd7 30. a3 Qe7 31. Nb1 f5 32. Bd3 Qd6 33. Bc2 Qd4 34.
Qxd4 exd4 35. Nd2 Kg7 36. Kg1 Kf6 37. Kf2 e5 38. b4 axb4 39. axb4 h4 40. g3
hxg3+ 41. hxg3 f4 42. gxf4 exf4 43. Nb3 Ke5 44. Ke2 Ba4 45. Nxd4 Kxd4 46. Bxa4
Ne5 47. c5 bxc5 48. bxc5 Kxc5 49. Be8 Kd4 50. Bb5 Kc5 51. Be8 Kd6 52. Bb5 Ke7
53. Ba4 Kf6 54. Bd1 Kg5 55. Kd2 Kf6 56. Kc3 Nc6 57. Ba4 Ne5 58. Bd1 Ke6 59. Kd4
Kd6 60. Be2 Nc6+ 61. Kc4 Ke5 62. Bd1 Nd4 63. Kc5 Ne6+ 64. Kc4 Ng5 65. Kc5 Nh3
66. Kc4 Nf2 67. Be2 g5 68. Kc3 Nxe4+ 69. fxe4 Kxe4 70. Kd2 f3 71. Bb5 g4 72.
Ke1 Ke3 73. Bc6 Kf4 74. Bb7 Kg3 75. Kf1 Kf4 76. Ke1 Ke3 77. Bc6 1/2-1/2

[Event "2. Bundesliga Mitte 2016/2017"]
[Site "Leoben, Wolfsberg/Taufkirchen/Fuerstenfeld, Grieskirchen, St. Veit"]
[Date "2017.03.26"]
[Round "11"]
[Board "2"]
[White "Wertjanz, David"]
[Black "Poetz, Florian"]
[Result "0-1"]
[WhiteElo "2298"]
[BlackElo "2385"]
[PlyCount "44"]
[EventDate "2016.10.07"]
[EventType "team"]
[EventRounds "11"]
[EventCountry "AUT"]
[WhiteTeam "SC DieKlagenfurter"]
[BlackTeam "SPG Spk. Fuerstenfeld/Hartberg"]

1. e4 c5 2. Nf3 e6 3. Be2 Nc6 4. O-O Nf6 5. Nc3 d5 6. exd5 Nxd5 7. Bb5 Nde7 8.
Ne5 Bd7 9. Ne4 Nf5 10. Bxc6 Bxc6 11. Nxc6 bxc6 12. Qf3 Nd4 13. Qd3 Be7 14. b3
O-O 15. Bb2 Qd5 16. Rfe1 Rfd8 17. Qg3 a5 18. a4 c4 19. Ba3 Qd7 20. Rac1 Nf5 21.
Qg4 h5 22. Qxh5 Bxa3 0-1

[Event "2. Bundesliga Mitte 2016/2017"]
[Site "Leoben, Wolfsberg/Taufkirchen/Fuerstenfeld, Grieskirchen, St. Veit"]
[Date "2017.03.26"]
[Round "11"]
[Board "3"]
[White "Kuba, Guenter"]
[Black "Petschar, Kurt"]
[Result "1/2-1/2"]
[WhiteElo "2329"]
[BlackElo "2288"]
[PlyCount "61"]
[EventDate "2016.10.07"]
[EventType "team"]
[EventRounds "11"]
[EventCountry "AUT"]
[WhiteTeam "SPG Spk. Fuerstenfeld/Hartberg"]
[BlackTeam "SC DieKlagenfurter"]

1. e4 e5 2. Nf3 Nc6 3. Bc4 Nf6 4. d3 Be7 5. O-O O-O 6. Re1 d6 7. a4 Kh8 8. a5
a6 9. c3 Be6 10. Nbd2 Ng8 11. Qb3 Bxc4 12. Nxc4 Rb8 13. Ne3 Bg5 14. d4 Bh6 15.
dxe5 dxe5 16. Rd1 Qc8 17. Qc4 Nf6 18. Nd5 Bxc1 19. Rdxc1 Ne8 20. b4 Nd6 21. Qe2
Nb5 22. Qe3 f6 23. Rd1 Rd8 24. Rd3 Rd7 25. Rad1 Qe8 26. h3 Rbd8 27. R1d2 Nb8
28. c4 c6 29. Nb6 Rxd3 30. Rxd3 Nc7 31. Qd2 1/2-1/2

[Event "2. Bundesliga Mitte 2016/2017"]
[Site "Leoben, Wolfsberg/Taufkirchen/Fuerstenfeld, Grieskirchen, St. Veit"]
[Date "2017.03.26"]
[Round "11"]
[Board "4"]
[White "Titz, Heimo"]
[Black "Csonka, Attila"]
[Result "0-1"]
[WhiteElo "2172"]
[BlackElo "2346"]
[PlyCount "130"]
[EventDate "2016.10.07"]
[EventType "team"]
[EventRounds "11"]
[EventCountry "AUT"]
[WhiteTeam "SC DieKlagenfurter"]
[BlackTeam "SPG Spk. Fuerstenfeld/Hartberg"]

1. c4 e5 2. Nc3 Nf6 3. g3 d5 4. cxd5 Nxd5 5. Bg2 Nb6 6. Nf3 Nc6 7. O-O Be7 8.
d3 O-O 9. Be3 Re8 10. Na4 Bf8 11. Rc1 Nd4 12. Nxb6 axb6 13. a3 Be6 14. Nxd4
exd4 15. Bf4 c6 16. e4 b5 17. Bd2 Qb6 18. f4 f6 19. f5 Bf7 20. Bf4 b4 21. axb4
Qxb4 22. Rf2 Ra2 23. Qe2 Bd6 24. Bxd6 Qxd6 25. Qd2 Re5 26. Qf4 Qb4 27. Qd2 Qxd2
28. Rxd2 Rb5 29. Rb1 Bb3 30. Kf2 Rc5 31. Ke1 Bc2 32. b4 Rc3 33. Rc1 Rb2 34. Bf1
Kf7 35. Be2 Rb1 36. Rxb1 Bxb1 37. Kd1 Ke7 38. Bf1 Kd6 39. Be2 Kc7 40. Bf1 Kb6
41. h4 Kc7 42. Be2 Kd6 43. Bf1 Ke5 44. Be2 b6 45. Bf1 c5 46. bxc5 bxc5 47. g4
c4 48. dxc4 Bxe4 49. Bg2 Bxg2 50. Rxg2 d3 51. Rg1 Rxc4 52. Kd2 Kd4 53. g5 Rc2+
54. Kd1 Rh2 55. gxf6 gxf6 56. Rg7 Rxh4 57. Rd7+ Ke3 58. Re7+ Kf4 59. Re6 Rh3
60. Kd2 Kxf5 61. Re7 h5 62. Re8 h4 63. Rh8 Kg6 64. Kc3 Kg5 65. Kd2 Rf3 0-1

[Event "2. Bundesliga Mitte 2016/2017"]
[Site "Leoben, Wolfsberg/Taufkirchen/Fuerstenfeld, Grieskirchen, St. Veit"]
[Date "2017.03.26"]
[Round "11"]
[Board "5"]
[White "Stradner, Stefan"]
[Black "Singer, Hans"]
[Result "1/2-1/2"]
[WhiteElo "2168"]
[BlackElo "2210"]
[PlyCount "60"]
[EventDate "2016.10.07"]
[EventType "team"]
[EventRounds "11"]
[EventCountry "AUT"]
[WhiteTeam "SPG Spk. Fuerstenfeld/Hartberg"]
[BlackTeam "SC DieKlagenfurter"]

1. Nf3 d5 2. c4 e6 3. b3 Nf6 4. g3 Be7 5. Bg2 O-O 6. O-O b6 7. e3 Bb7 8. Qe2
Nbd7 9. Nc3 Ne4 10. Bb2 Bf6 11. d4 Nxc3 12. Bxc3 dxc4 13. Qxc4 c5 14. dxc5 Bd5
15. Qb4 Nxc5 16. Bxf6 Qxf6 17. Qd4 Qe7 18. Rfd1 Rfd8 19. Qh4 Qxh4 20. Nxh4 Bxg2
21. Nxg2 Kf8 22. f3 Ke7 23. Kf2 f5 24. Ke2 e5 25. b4 Ne6 26. Rxd8 Rxd8 27. Rc1
Rd7 28. Rc2 Rc7 29. Rxc7+ Nxc7 30. e4 fxe4 1/2-1/2

[Event "2. Bundesliga Mitte 2016/2017"]
[Site "Leoben, Wolfsberg/Taufkirchen/Fuerstenfeld, Grieskirchen, St. Veit"]
[Date "2017.03.26"]
[Round "11"]
[Board "6"]
[White "Jakits, Leopold"]
[Black "Hatzl, Johannes"]
[Result "1-0"]
[WhiteElo "2135"]
[BlackElo "2095"]
[PlyCount "103"]
[EventDate "2016.10.07"]
[EventType "team"]
[EventRounds "11"]
[EventCountry "AUT"]
[WhiteTeam "SC DieKlagenfurter"]
[BlackTeam "SPG Spk. Fuerstenfeld/Hartberg"]

1. c4 e5 2. g3 g6 3. Bg2 Bg7 4. Nc3 d6 5. e4 Nc6 6. Nge2 Be6 7. d3 Qd7 8. Nd5
Nce7 9. O-O c6 10. Ne3 Nf6 11. d4 exd4 12. Nxd4 Bh3 13. Ndf5 Bxf5 14. exf5 O-O
15. Qd3 Rad8 16. Rd1 Rfe8 17. fxg6 hxg6 18. a4 d5 19. cxd5 Nexd5 20. Nxd5 Nxd5
21. Bg5 Nf6 22. Qxd7 Rxd7 23. Be3 a6 24. Rxd7 Nxd7 25. Rd1 Nf8 26. Rd3 Bf6 27.
Kf1 Kg7 28. h4 Re6 29. b3 Re8 30. Bb6 Re7 31. Bh3 Ne6 32. f3 Re8 33. Kf2 Kf8
34. Rd7 Bd8 35. Rxb7 Bxb6+ 36. Rxb6 Nd4 37. Bf1 a5 38. Bc4 Re7 39. Rb8+ Kg7 40.
Ra8 Re5 41. g4 f6 42. Rg8+ Kh7 43. Rf8 f5 44. Rf7+ Kh8 45. Rd7 Nc2 46. gxf5
gxf5 47. Rd6 Rc5 48. f4 Kg7 49. Ke2 Na3 50. Kd3 Nb5 51. axb5 cxb5 52. Kd4 1-0

[Event "2. Bundesliga Mitte 2016/2017"]
[Site "Leoben, Wolfsberg/Taufkirchen/Fuerstenfeld, Grieskirchen, St. Veit"]
[Date "2017.03.26"]
[Round "11"]
[Board "2"]
[White "Renner, Christoph"]
[Black "Toefferl, Heimo"]
[Result "1-0"]
[WhiteElo "2343"]
[BlackElo "2096"]
[PlyCount "109"]
[EventDate "2016.10.07"]
[EventType "team"]
[EventRounds "11"]
[EventCountry "AUT"]
[WhiteTeam "SPG Sauwald"]
[BlackTeam "SV Wolfsberg"]

1. d4 e6 2. Nf3 d5 3. c4 c6 4. Nc3 f5 5. Bf4 Nf6 6. e3 Be7 7. Bd3 O-O 8. O-O
Ne4 9. Bxe4 fxe4 10. Ne5 Nd7 11. f3 Nxe5 12. Bxe5 exf3 13. Rxf3 Bd6 14. Bxd6
Qxd6 15. Rxf8+ Qxf8 16. Qb3 Rb8 17. e4 Qf4 18. Rf1 Qe3+ 19. Kh1 Qd3 20. Rf3 Qd2
21. h3 dxe4 22. Nxe4 Qe1+ 23. Kh2 Qxe4 24. Qa3 Bd7 25. Qd6 Ra8 26. Qxd7 Rf8 27.
Rg3 g6 28. Qxb7 Qxd4 29. Qxc6 Qxb2 30. Qxe6+ Kg7 31. Rb3 Qd4 32. Qe3 Qxc4 33.
Qxa7+ Rf7 34. Qe3 Qc7+ 35. Kg1 Qd6 36. a4 Qd1+ 37. Kh2 Qd6+ 38. Qg3 Qxg3+ 39.
Kxg3 Ra7 40. Ra3 Kf6 41. a5 Ke5 42. a6 Kf5 43. Ra5+ Ke4 44. Kg4 h6 45. h4 Ke3
46. h5 gxh5+ 47. Kxh5 Kf2 48. Ra2+ Kg3 49. Kxh6 Kf4 50. Kg6 Ke5 51. Ra5+ Kd6
52. g4 Kc6 53. Ra1 Ra8 54. a7 Kb7 55. Kf7 1-0

[Event "2. Bundesliga Mitte 2016/2017"]
[Site "Leoben, Wolfsberg/Taufkirchen/Fuerstenfeld, Grieskirchen, St. Veit"]
[Date "2017.03.26"]
[Round "11"]
[Board "3"]
[White "Stagl, Marco"]
[Black "Testor, Sebastian"]
[Result "1/2-1/2"]
[WhiteElo "2103"]
[BlackElo "2303"]
[PlyCount "62"]
[EventDate "2016.10.07"]
[EventType "team"]
[EventRounds "11"]
[EventCountry "AUT"]
[WhiteTeam "SV Wolfsberg"]
[BlackTeam "SPG Sauwald"]

1. d4 e6 2. c4 Nf6 3. g3 d5 4. Nf3 dxc4 5. Bg2 c5 6. O-O Nc6 7. Qa4 Bd7 8. Qxc4
b5 9. Qd3 Rc8 10. Nc3 cxd4 11. Nxd4 Nxd4 12. Qxd4 Bc5 13. Qd3 b4 14. Ne4 Nxe4
15. Bxe4 Qb6 16. a4 bxa3 17. bxa3 f5 18. Bf3 Bb5 19. Qb3 Bc4 20. Qa4+ Qb5 21.
Qxb5+ Bxb5 22. Rb1 a6 23. a4 Bxa4 24. Bb7 Rd8 25. Bg5 Be7 26. Bxe7 Kxe7 27.
Bxa6 Rd6 28. Rb7+ Kf6 29. Bd3 Rhd8 30. Rc1 R8d7 31. Rxd7 Bxd7 1/2-1/2

[Event "2. Bundesliga Mitte 2016/2017"]
[Site "Leoben, Wolfsberg/Taufkirchen/Fuerstenfeld, Grieskirchen, St. Veit"]
[Date "2017.03.26"]
[Round "11"]
[Board "5"]
[White "Schoenangerer, Herbert"]
[Black "Hiermann, Dietmar"]
[Result "1/2-1/2"]
[WhiteElo "2097"]
[BlackElo "2238"]
[PlyCount "71"]
[EventDate "2016.10.07"]
[EventType "team"]
[EventRounds "11"]
[EventCountry "AUT"]
[WhiteTeam "SV Wolfsberg"]
[BlackTeam "SPG Sauwald"]

1. e4 e5 2. Nf3 Nc6 3. Bc4 Bc5 4. c3 Nf6 5. d4 exd4 6. cxd4 Bb4+ 7. Bd2 Bxd2+
8. Nbxd2 d5 9. exd5 Nxd5 10. Qb3 Nce7 11. O-O O-O 12. Rfe1 c6 13. a4 h6 14. a5
Qc7 15. Qa3 Be6 16. Rac1 a6 17. Ne4 Rad8 18. Nc5 Bc8 19. g3 Nf5 20. Rcd1 Nf6
21. Qc3 Nd6 22. Bf1 Bg4 23. Kg2 Nd5 24. Qd3 Rfe8 25. Rxe8+ Rxe8 26. Rd2 f6 27.
Ng1 Bf5 28. Re2 Kf7 29. Rxe8 Kxe8 30. Nf3 Kf7 31. Qb3 Bc8 32. Qa3 Ke8 33. Bd3
g5 34. h3 Qe7 35. Qb3 Kd8 36. Qc2 1/2-1/2

[Event "2. Bundesliga Mitte 2016/2017"]
[Site "Leoben, Wolfsberg/Taufkirchen/Fuerstenfeld, Grieskirchen, St. Veit"]
[Date "2017.03.26"]
[Round "11"]
[Board "6"]
[White "Taggatz, Mario"]
[Black "Heindl, Matthias"]
[Result "1/2-1/2"]
[WhiteElo "2174"]
[BlackElo "2106"]
[PlyCount "156"]
[EventDate "2016.10.07"]
[EventType "team"]
[EventRounds "11"]
[EventCountry "AUT"]
[WhiteTeam "SPG Sauwald"]
[BlackTeam "SV Wolfsberg"]

1. d4 Nf6 2. Nf3 g6 3. c3 d5 4. Bf4 Bg7 5. e3 O-O 6. Be2 c5 7. Nbd2 Nc6 8. O-O
Nd7 9. Qb3 e5 10. Bg5 Qb6 11. dxe5 Ndxe5 12. Rfd1 Be6 13. Nxe5 Nxe5 14. Nf3 Qc7
15. Qa4 h6 16. Bf4 Kh7 17. Rd2 Rfd8 18. Rad1 f6 19. h3 Qf7 20. c4 Nc6 21. cxd5
Rxd5 22. Rxd5 Bxd5 23. b3 Rd8 24. e4 Be6 25. Rxd8 Nxd8 26. Qxa7 Bf8 27. Qa4 Bd7
28. Qc4 Qe7 29. Qc2 Bc6 30. Bd3 b6 31. a4 Bb7 32. Nd2 Nc6 33. Bc4 Nd4 34. Qd3
h5 35. Be3 Nc6 36. Qd5 Qg7 37. Qf7 Ne5 38. Qxg7+ Kxg7 39. Bd5 Bxd5 40. exd5 Kf7
41. Bf4 Nd3 42. Bc7 Nb4 43. Bxb6 Nxd5 44. Nc4 Ke6 45. Ba5 Bh6 46. Kf1 Bf4 47.
g3 Be5 48. Bd2 Nc7 49. Ke2 Kd5 50. Kd3 Bd4 51. Be3 Na6 52. Nb6+ Kc6 53. a5 Kb5
54. Bxd4 cxd4 55. Kxd4 Kxa5 56. Nd5 Kb5 57. Nxf6 Nc5 58. Ne4 Nxb3+ 59. Ke5 Kc4
60. Kf6 Kd3 61. Ng5 Ke2 62. f4 Kf2 63. Kxg6 Kxg3 64. f5 h4 65. f6 Nc5 66. f7
Nd7 67. Kf5 Nf8 68. Kf6 Nd7+ 69. Ke6 Nf8+ 70. Ke7 Ng6+ 71. Kf6 Nf8 72. Ne6 Nd7+
73. Ke7 Ne5 74. Ng5 Ng6+ 75. Kf6 Nf8 76. Kg7 Nd7 77. f8=Q Nxf8 78. Kxf8 Kf4
 1/2-1/2

[Event "2. Bundesliga Mitte 2016/2017"]
[Site "Leoben, Wolfsberg/Taufkirchen/Fuerstenfeld, Grieskirchen, St. Veit"]
[Date "2017.03.26"]
[Round "11"]
[Board "1"]
[White "Baumegger, Siegfried"]
[Black "Heinemann, Thies"]
[Result "1/2-1/2"]
[WhiteElo "2444"]
[BlackElo "2461"]
[PlyCount "83"]
[EventDate "2016.10.07"]
[EventType "team"]
[EventRounds "11"]
[EventCountry "AUT"]
[WhiteTeam "Leoben"]
[BlackTeam "RbEJ Gleisdorf"]

1. d4 Nf6 2. c4 e6 3. Nc3 Bb4 4. Qc2 Nc6 5. Nf3 d6 6. Bd2 O-O 7. a3 Bxc3 8.
Bxc3 Qe7 9. e3 a5 10. Bd3 e5 11. d5 Nb8 12. Nd2 h6 13. O-O c6 14. dxc6 Nxc6 15.
b4 axb4 16. axb4 Rxa1 17. Rxa1 d5 18. b5 Nb4 19. Bxb4 Qxb4 20. c5 Qg4 21. h3
Qe6 22. Ra7 Rd8 23. Qa4 e4 24. Bf1 d4 25. Qa5 Rf8 26. Nc4 dxe3 27. fxe3 Qd5 28.
Qc7 Qd1 29. Ra8 Be6 30. Rxf8+ Kxf8 31. Qb8+ Ke7 32. Qxb7+ Nd7 33. Nb6 Qe1 34.
Nxd7 Qxe3+ 35. Kh1 Qc1 36. Nb6+ Kf6 37. Qxe4 Qxf1+ 38. Kh2 Qxb5 39. Nd5+ Bxd5
40. Qxd5 Qb8+ 41. Kg1 Qb1+ 42. Kh2 1/2-1/2

[Event "2. Bundesliga Mitte 2016/2017"]
[Site "Leoben, Wolfsberg/Taufkirchen/Fuerstenfeld, Grieskirchen, St. Veit"]
[Date "2017.03.26"]
[Round "11"]
[Board "3"]
[White "Enoeckl, Philipp"]
[Black "Frosch, Ronald"]
[Result "1/2-1/2"]
[WhiteElo "2289"]
[BlackElo "2273"]
[PlyCount "58"]
[EventDate "2016.10.07"]
[EventType "team"]
[EventRounds "11"]
[EventCountry "AUT"]
[WhiteTeam "Leoben"]
[BlackTeam "RbEJ Gleisdorf"]

1. d4 Nf6 2. c4 e6 3. Nc3 d5 4. Bg5 Be7 5. e3 O-O 6. Nf3 Nbd7 7. Rc1 a6 8. c5
h6 9. Bxf6 Bxf6 10. Be2 g6 11. O-O Bg7 12. c6 bxc6 13. Na4 Bb7 14. Nc5 Nxc5 15.
Rxc5 Qe7 16. Qd2 Rfb8 17. Rfc1 f6 18. Bd1 Bf8 19. Ba4 Qf7 20. R5c2 Bd6 21. Ne1
a5 22. Nd3 Ba6 23. Bxc6 Bxd3 24. Qxd3 Ra7 25. f4 f5 26. Kh1 h5 27. h4 Qe7 28.
g3 Qd8 29. Rg2 Kf7 1/2-1/2

[Event "2. Bundesliga Mitte 2016/2017"]
[Site "Leoben, Wolfsberg/Taufkirchen/Fuerstenfeld, Grieskirchen, St. Veit"]
[Date "2017.03.26"]
[Round "11"]
[Board "5"]
[White "Sandner, Wolfgang"]
[Black "Wanderer, Thomas"]
[Result "1-0"]
[WhiteElo "2256"]
[BlackElo "2199"]
[PlyCount "120"]
[EventDate "2016.10.07"]
[EventType "team"]
[EventRounds "11"]
[EventCountry "AUT"]
[WhiteTeam "Leoben"]
[BlackTeam "RbEJ Gleisdorf"]

1. e4 c5 2. Nf3 e6 3. d3 Be7 4. g3 b6 5. Bg2 Bb7 6. O-O d6 7. a4 Nf6 8. Na3 a6
9. b3 O-O 10. Bb2 Nfd7 11. Re1 Nc6 12. c3 Rc8 13. Qd2 Na5 14. Qd1 Rc7 15. Nd2
Qa8 16. f4 Rd8 17. Nc2 Bf6 18. Ne3 g6 19. Ra2 Bg7 20. g4 Rcc8 21. g5 Nc6 22.
Rf1 Ne7 23. Ng4 f5 24. gxf6 Nxf6 25. Bh3 Ne8 26. Qe1 Rc7 27. Qh4 h5 28. Ne3 Bc8
29. Nf3 d5 30. Ng5 Qc6 31. f5 exf5 32. exf5 d4 33. cxd4 cxd4 34. Bg2 Qf6 35.
fxg6 Nxg6 36. Qxh5 Nf4 37. Qh7+ Kf8 38. Ba3+ Nd6 39. Nd5 Qxg5 40. Nxc7 Bf5 41.
Ne6+ Bxe6 42. Rxf4+ Ke7 43. Raf2 Rh8 44. Qe4 Be5 45. Qb7+ Ke8 46. Qb8+ Kd7 47.
Rf8 Rxf8 48. Qxf8 Nf5 49. Qa8 Qe3 50. Qc6+ Kd8 51. Qxb6+ Bc7 52. Qxa6 Nh4 53.
Qa8+ Bc8 54. Qd5+ Bd7 55. Qg8+ Be8 56. Qg4 Bxh2+ 57. Kxh2 Qxf2 58. Qg5+ Kc8 59.
Qc5+ Kd8 60. Qb6+ Kd7 1-0

[Event "2. Bundesliga Mitte 2016/2017"]
[Site "Leoben, Wolfsberg/Taufkirchen/Fuerstenfeld, Grieskirchen, St. Veit"]
[Date "2017.03.26"]
[Round "11"]
[Board "6"]
[White "Ofner, Maximilian"]
[Black "Schein, Karl-Heinz"]
[Result "1/2-1/2"]
[WhiteElo "2163"]
[BlackElo "2186"]
[PlyCount "112"]
[EventDate "2016.10.07"]
[EventType "team"]
[EventRounds "11"]
[EventCountry "AUT"]
[WhiteTeam "RbEJ Gleisdorf"]
[BlackTeam "Leoben"]

1. e4 e5 2. Nf3 Nc6 3. Bc4 Nf6 4. d3 Be7 5. O-O O-O 6. Re1 d6 7. c3 Nd7 8. Nbd2
Nb6 9. Bb3 Kh8 10. Nf1 f5 11. exf5 Bxf5 12. Ne3 Bg6 13. Be6 Nd7 14. Bh3 Nc5 15.
d4 Nd3 16. Rf1 Nf4 17. d5 Nxh3+ 18. gxh3 Nb8 19. Ne1 Nd7 20. N1g2 Nc5 21. f4
Bd3 22. Rf2 exf4 23. Rxf4 Bb5 24. c4 Bd7 25. b4 Rxf4 26. Nxf4 Bf6 27. Rb1 Ne4
28. Qd3 Ng5 29. Ng4 Nf7 30. Nxf6 Qxf6 31. Qg3 Ne5 32. Bb2 Qf5 33. Rf1 Qe4 34.
Ne6 Bxe6 35. dxe6 Kg8 36. Bxe5 Qxe5 37. Qxe5 dxe5 38. Rf7 a5 39. b5 Rc8 40. Kf2
Rf8 41. Rf3 Rf6 42. Ke3 Kf8 43. Rg3 Rxe6 44. Ke4 Rd6 45. Kxe5 Rd2 46. Ke6 Rd6+
47. Ke5 Rd2 48. b6 cxb6 49. Rb3 Rxa2 50. Rxb6 Rxh2 51. Rxb7 Rxh3 52. c5 Re3+
53. Kd5 Rd3+ 54. Ke6 Re3+ 55. Kd6 Rd3+ 56. Ke6 Re3+ 1/2-1/2